Upanyasik RajaniKanta Bordoloi (Record no. 2946)

MARC details
000 -LEADER
fixed length control field 00480cam a2200181ua 4500
008 - FIXED-LENGTH DATA ELEMENTS--GENERAL INFORMATION
fixed length control field 110928n ii |||gr||||Z||||||asm
040 ## - CATALOGING SOURCE
Transcribing agency MAIN
082 ## - DEWEY DECIMAL CLASSIFICATION NUMBER
Classification number 891.4513
100 1# - MAIN ENTRY--PERSONAL NAME
Personal name Barkataky, Biren,
Relator term
245 11 - TITLE STATEMENT
Title Upanyasik RajaniKanta Bordoloi
Statement of responsibility, etc. ed. by Biren Barkataky
250 ## - EDITION STATEMENT
Edition statement 2nd.
260 ## - PUBLICATION, DISTRIBUTION, ETC.
Place of publication, distribution, etc. Jorhat:
Name of publisher, distributor, etc. Assam sahitya sabha,988.
300 ## - PHYSICAL DESCRIPTION
Extent 176p:
Dimensions 23cm.
942 ## - ADDED ENTRY ELEMENTS (KOHA)
Koha item type Books
653 ## - INDEX TERM--UNCONTROLLED
Uncontrolled term Assamese novel
653 ## - INDEX TERM--UNCONTROLLED
Uncontrolled term Upanyasik RajaniKanta Bordoloi
Holdings
Withdrawn status Lost status Damaged status Not for loan Home library Current library Shelving location Date acquired Total Checkouts Full call number Barcode Date last seen Date last checked out Copy number Price effective from Koha item type
        Naharkatiya College Library Naharkatiya College Library General Stacks 19/09/2020 2 891.4513 | BAR 7950 25/02/2023 20/02/2023 4 19/09/2020 Books
        Naharkatiya College Library Naharkatiya College Library General Stacks 19/09/2020   891.4513 | BAR 7951 19/09/2020   1 19/09/2020 Books
        Naharkatiya College Library Naharkatiya College Library General Stacks 19/09/2020   891.4513 | BAR 7952 19/09/2020   3 19/09/2020 Books
        Naharkatiya College Library Naharkatiya College Library General Stacks 19/09/2020 1 891.4513 | BAR 7954 07/04/2026 28/03/2026 2 19/09/2020 Books
        Naharkatiya College Library Naharkatiya College Library General Stacks 19/09/2020   891.4513 | BAR 7955 19/09/2020   6 19/09/2020 Books
        Naharkatiya College Library Naharkatiya College Library General Stacks 19/09/2020   891.4513 | BAR 7956 19/09/2020   5 19/09/2020 Books

Naharkatiya College © 2020. All rights reserved.

Powered By